| 000 | 00556nam a22002057a 4500 | ||
|---|---|---|---|
| 003 | DEla salle | ||
| 005 | 20140310182957.0 | ||
| 008 | 130207t xxu||||| |||| 00| 0 eng d | ||
| 020 | _a971584300 | ||
| 050 |
_aBC 71 _b.B118 2001 |
||
| 100 | _aBabor, Eddie R. | ||
| 245 |
_aLogic : _bthe philosophical discipline of correct thinking / _cEddie R. Babor. |
||
| 250 | _a1st ed. | ||
| 260 |
_aQuezon City : _bC & E Pub., _c2009. |
||
| 300 |
_a182 p. : _c22 cm. _bill. ; |
||
| 521 | _aPSYCH | ||
| 650 | _aLogic | ||
| 942 |
_2lcc _cBK _kLOC |
||
| 999 |
_c18017 _d18017 |
||